Statistics for The 50 Prepositions

Click here to take the quiz!

General Stats

  • This quiz has been taken 2,395 times
    (2,389 since last reset)
  • The average score is 23 of 50

Answer Stats

Predicate% Correct
In
80%
On
73%
Above
69%
At
69%
To
67%
Under
65%
About
61%
For
61%
Of
60%
Out
60%
After
59%
By
57%
From
57%
Before
55%
Below
55%
With
55%
Beside
54%
Behind
52%
Over
52%
Up
52%
Into
50%
Around
49%
Inside
47%
Beneath
46%
Down
46%
Across
45%
Along
44%
Among
44%
Between
44%
Without
44%
Outside
43%
Against
41%
Off
41%
Within
41%
Onto
40%
Near
37%
Through
35%
Underneath
31%
Beyond
30%
But
29%
During
27%
Toward
27%
Upon
24%
Like
22%
Until
22%
Besides
21%
Since
20%
Past
19%
Except
18%
Opposite
11%

Score Distribution

Percentile by Number Answered

Percent of People with Each Score

Your Score History

You have not taken this quiz since the last reset